000
00298nam a22001337a 4500
008
170222b xxu||||| |||| 00| 0 eng d
020
_a
0721625096
041
_a
eng
080
_2
3 ED
_a
617
100
_a
5
101
_a
SHK
245
_a
SURGERY OF ALIMANTARY TRACK
_c
ZUIDEMA.G.D
942
_2
udc
_c
BK
999
_c
6118
_d
6118